Statystyki dla Zgadnij jaki to koszykarz

Kliknij tutaj aby rozwiązać quiz!

Ogólne statystyki

  • Ten quiz został rozwiązany 312 razy
    (17 od ostatniego zresetowania)
  • Średni wynik to 4 z 15

Statystyki odpowiedzi

PodpowiedźKoszykarz% Poprawnych
Najwięcej trafionych trójekStephen Curry
100%
Najwięcej punktów w Play-offachLebron James
54%
Najwięcej punktów w jednym meczuWilt Chamberlain
38%
Najwięcej mistrzostwBill Russell
31%
Pierwszy polak w NBACezary Trybański
31%
Gracz Spurs, zaliczył Quadruple-doubleDavid Robinson
23%
Najmłodszy MVPDerrick Rose
23%
Najwięcej asyst w NBAJohn Stockton
23%
Najwięcej bloków w NBAHakeem Olajuwon
15%
Nazywany "White Chocolate"Jason Williams
15%
Brał udział w 2 rekordach W-L w RSSteve Kerr
15%
Pierwsza gwiazda NBA w historiiGeorge Mikan
8%
Najmłodszy gracz z Triple-doubleJosh Giddey
8%
Najwięcej strat w jednym meczuMike Bantom
8%
Najwięcej razy wymienianyTrevor Ariza
8%

Rozkład punktacji

Percentyl według liczby udzielonych odpowiedzi

Procent ludzi z każdym wynikiem

Twoja historia wyników

Nie rozwiązałeś tego quizu od ostatniego zresetowania